[Event "North American Class"]
[Site "?"]
[Date "1995.12.29"]
[Round "5"]
[White "Green, T."]
[Black "Bailey, B."]
[Result "0-1"]
[WhiteElo "1946"]
[BlackElo "1842"]
[Annotator "Stockfish 14 (15s)"]
[PlyCount "94"]

{C34: King's Gambit Accepted: 3 Nf3: 3...Nf6 and 3...d6} 1. e4 e5 2. f4 exf4 3.
Nf3 d6 4. d4 g5 5. h4 g4 6. Ng1 Bh6 7. Bc4 (7. Ne2 Qf6 8. Nbc3 c6 9. g3 fxg3
10. Nxg3 Bxc1 11. Rxc1 Qh6 12. Bg2 Ne7 13. Qd2 Qxd2+ 14. Kxd2 Nd7 15. Rcf1 Nb6
16. b3 Be6 17. Nce2 d5 18. e5 O-O-O 19. h5 Rdg8 20. Nf4 Rg5 21. Nfe2 Nd7 {
Fedorov,A (2540)-Kharitonov,A (2550) Moscow 1995 1/2-1/2 (41)}) 7... Nf6 (7...
f5 8. Bxg8 Rxg8 9. Ne2 fxe4 10. Bxf4 Bxf4 11. Nxf4 Nc6 12. Nc3 Bf5 13. Ncd5 Kd7
14. c3 Kc8 15. Qe2 b6 16. Qa6+ Kb8 17. O-O-O Qc8 18. Qe2 Kb7 19. Rhf1 Rf8 20.
Ne3 Ne7 21. h5 Qd7 22. d5 {
Pridorozhni,A (2475)-Frolov,D (2431) St Petersburg 2002 0-1 (33)}) 8. Nc3 Qe7
$4 $146 (8... c6 9. Nge2 Nh5 10. Qd3 Qf6 11. e5 dxe5 12. Ne4 Qg6 13. dxe5 O-O
14. N2c3 Bf5 15. Qd4 c5 16. Nxc5 Nc6 17. Qd6 Nxe5 18. Qxg6+ Bxg6 19. Bb3 Rfe8
20. O-O Re7 21. Nd5 Ree8 22. Nxb7 Rab8 23. Ba4 {
Johansson,S-Johansson,D Hallsta 1996 1/2-1/2}) (8... c6 9. Nge2 b5 10. e5 $17)
9. Qd3 $4 (9. Nge2 $142 Be6 10. d5 $16) 9... Bf5 $4 (9... b5 $142 10. Bxb5+ c6
$19) 10. Nge2 $18 Bxe4 $4 (10... Bg6 11. Bxf4 Bxf4 12. Nxf4 Nbd7 $18) 11. Nxe4
Nxe4 12. O-O c6 (12... f5 13. Bxf4 Bxf4 14. Nxf4 g3 $18) 13. Bxf4 Bxf4 14. Nxf4
Rf8 (14... f5 15. Be6 d5 16. Bxf5 O-O 17. Bxe4 Qxe4 $18) 15. Rae1 f5 16. g3 (
16. Be6 Nd7 17. Bxf5 Rxf5 18. Rxe4 Ne5 19. dxe5 Rxe5 $18) 16... d5 (16... Nd7
17. Ne6 d5 18. Nxf8 Qxf8 $18) 17. Nxd5 (17. Bxd5 $142 cxd5 18. Nxd5 $18) 17...
cxd5 $11 18. Bxd5 Kd8 19. Bxe4 fxe4 20. Rxf8+ Qxf8 21. Qxe4 (21. Rxe4 Nd7 22.
Rxg4 Nf6 $11) 21... Nc6 (21... Nd7 22. Qxg4 Rc8 23. Rf1 $11) 22. Qxg4 Kc7 23.
c3 Re8 24. Rxe8 Qxe8 25. Qf4+ Kc8 26. Kf2 Qg6 27. Qe3 $4 (27. Kf3 Qd3+ 28. Qe3
Qg6 $11) 27... Kd7 $4 (27... Qf7+ $142 28. Kg2 Qxa2 $19) 28. Qf3 $15 Qc2+ (
28... a5 29. g4 $11) 29. Qe2 $11 Qf5+ 30. Ke3 (30. Qf3 Qc2+ 31. Qe2 Qg6 $11)
30... h5 (30... Qe6+ $142 $5 31. Kf3 Qxa2 $19) 31. Qf3 $11 Qg6 32. Qd5+ Kc7 33.
Qg5 Qe6+ 34. Kf3 Qxa2 35. Qxh5 $4 (35. d5 $142 $5 Nd8 36. Qe5+ Kd7 37. Qf5+ Ke8
38. Qe5+ Kf8 39. Qd6+ Ke8 40. Qe5+ Kd7 41. Qxh5 Qxb2 42. Qf5+ Kd6 43. Qf8+ Kd7
44. Qg7+ Kd6 45. Qf8+ Kd7 46. Qf5+ Kc7 47. Qf4+ Kc8 48. Qg4+ Kc7 49. Qg7+ Kc8
50. Qg4+ Kc7 51. Qg7+ Kc8 52. Qg4+ $11) 35... Qxb2 $17 36. Qc5 $2 (36. Qh7+
$142 Kb6 37. Qd3 $17) 36... b6 $19 37. Qc4 Kd6 38. g4 $4 (38. Qd3 Qb3 39. g4
$19) 38... a5 $19 39. h5 $2 (39. Qd3 Ne7 40. h5 $19) 39... Qh2 (39... Qc2 $142
40. Kg3 Ne7 $19) 40. Qe2 $2 (40. Qg8 Qh3+ 41. Ke4 Qh1+ 42. Kd3 Qf1+ 43. Kd2
Qf2+ 44. Kd3 Qf3+ 45. Kd2 Qf2+ 46. Kd3 Qf3+ 47. Kd2 Qf4+ 48. Kd3 $11) 40...
Qh3+ $19 41. Ke4 Qxc3 42. Qd3 $4 (42. Qf2 a4 43. h6 $19) 42... Qxd3+ 43. Kxd3
Nd8 44. g5 Nf7 45. g6 Nh6 46. Kc4 a4 47. Kb4 b5 $1 0-1

[Event "North American Class"]
[Site "?"]
[Date "1995.12.29"]
[Round "6"]
[White "Bailey, B."]
[Black "Fukuchi, C."]
[Result "1-0"]
[WhiteElo "1842"]
[BlackElo "1983"]
[Annotator "Stockfish 14 (15s)"]
[PlyCount "67"]

{B05: Alekhine's Defence: 4 Nf3 Bg4} 1. e4 Nf6 2. e5 Nd5 3. d4 d6 4. c4 Nb6 5.
exd6 cxd6 6. Nf3 Bg4 7. h3 Bxf3 8. Qxf3 Nc6 9. Be3 g6 10. Na3 $146 (10. Nc3 Bg7
11. Rd1 O-O 12. Be2 e5 13. d5 (13. dxe5 Nxe5 14. Qxb7 Nbxc4 15. Bc1 Rb8 16. Qa6
Rb6 17. Qxa7 Nxb2 18. Nd5 Rb8 19. Ne7+ Kh8 20. f4 Nxd1 21. fxe5 Ra8 22. Qb7 Nc3
23. Bg5 Qa5 24. Nc6 Qxa2 {
0-1 (24) Wegener,H (2150)-Forchert,M (2340) Boeblingen 1997}) 13... Nd4 14. Qe4
f5 15. Qd3 e4 16. Qd2 Nxe2 17. Qxe2 Rc8 18. O-O Nxc4 19. Bd4 Bxd4 20. Rxd4 Ne5
21. Rd2 Nf3+ 22. gxf3 Qg5+ 23. Kh1 exf3 24. Qe6+ Kh8 {
Schwietering,R (1818)-Steingraeber,W (2052) Dortmund 2006 0-1 (33)}) (10. c5
dxc5 11. dxc5 Nd7 12. Be2 Bg7 13. Nc3 Qa5 14. O-O Nxc5 15. b4 Qxb4 16. Nd5 Qa5
17. Bxc5 Bxa1 18. Rxa1 Qxc5 19. Nc7+ Kd7 20. Nxa8 Rxa8 21. Qxf7 Kc7 22. Rd1 a6
23. Bf3 {1/2-1/2 (23) Giam Choo Kwee (2310)-Liljedahl,L (2260) Skopje 1972}) (
10. d5 $5 Ne5 11. Qd1 $14) 10... Bg7 $11 11. Rd1 O-O 12. Nc2 (12. Be2 Na4 13.
Rd2 Qb6 $15) 12... Nd7 (12... e5 13. Be2 d5 14. O-O $15) 13. a3 $15 Qc7 (13...
e5 14. dxe5 Qa5+ 15. Rd2 Qxe5 16. Nb4 $15) 14. b4 (14. Be2 $5 e5 15. dxe5 Ndxe5
16. Qe4 $11) 14... e5 $15 15. Be2 Ne7 (15... Nb6 $5 $15) 16. O-O $11 f5 $2 (
16... Rac8 $142 $5 $11) 17. Bg5 e4 $4 (17... Nf6 $142 18. Qb3 Kh8 $16) 18. Qb3
$18 Nf6 (18... Rae8 19. c5+ Kh8 $18) 19. f3 (19. Bf4 $142 Ne8 20. c5+ Kh8 21.
f3 $18) 19... Rae8 $2 (19... d5 $5 20. fxe4 Nxe4 $16) 20. d5 (20. Bf4 $142 Nc8
21. c5+ Kh8 22. Ne3 $18) 20... Nh5 $4 (20... exf3 $142 21. Bxf3 Ne4 $16) 21.
fxe4 $18 fxe4 22. Bxh5 gxh5 23. Ne3 (23. Rxf8+ $142 Rxf8 24. Nd4 $18) 23... Ng6
24. Kh1 $4 (24. Nf5 $142 Ne5 25. Qg3 $18) 24... h6 $19 25. Bxh6 (25. Qc2 hxg5
26. Rxf8+ Rxf8 27. Qxe4 Ne5 $19) 25... Bxh6 26. Nf5 Bg7 (26... Rxf5 $142 27.
Rxf5 e3 $19) 27. c5 Be5 (27... Re5 $142 $5 28. Nxd6 e3 29. Rxf8+ Bxf8 30. Nc4
$19) 28. Qe3 Rf6 $4 (28... Qh7 29. Nxd6 Bxd6 30. cxd6 $19) 29. Qg5 (29. Nxd6
$142 Rxf1+ 30. Rxf1 Bxd6 31. Qg5 $11) 29... Ref8 $17 30. Nh6+ Kh7 (30... Kg7
$142 31. Rxf6 Rxf6 32. Nf5+ Kf7 33. Qxh5 Ke8 34. Nxd6+ Bxd6 35. cxd6 Qxd6 $17)
31. Rxf6 $15 Rxf6 32. Nf5 Qf7 $4 (32... h4 $142 33. cxd6 Qd7 $11) 33. Qxh5+ $18
Kg8 34. Nh6+ (34. Nh6+ Kg7 35. Nxf7 Rxf7 36. Qe2 $18) 1-0

[Event "Washington Open"]
[Site "?"]
[Date "1996.05.25"]
[Round "1"]
[White "Capili, A."]
[Black "Bailey, B."]
[Result "0-1"]
[WhiteElo "1601"]
[BlackElo "1819"]
[Annotator "Stockfish 14 (15s)"]
[PlyCount "50"]

{D00: 1 d4 d5: Unusual lines} 1. d4 d5 2. Nc3 Nf6 3. e4 dxe4 4. f3 exf3 5. Nxf3
Bg4 6. Bd3 e6 (6... g6 7. Be3 Bg7 8. Qd2 Bxf3 9. gxf3 O-O 10. O-O-O Nd5 11.
Nxd5 Qxd5 12. Kb1 Qxf3 13. h4 h5 14. Rhg1 Nd7 15. Rdf1 Qc6 16. Bh6 Bxd4 17.
Bxg6 fxg6 18. Rxf8+ Rxf8 19. Qxd4 Rf6 20. Re1 e5 21. Qxa7 {
Genocchio,D (2345)-Bellia,F (2410) Montecatini Terme 2002 1-0 (44)}) 7. Bg5
$146 (7. Be3 c6 8. O-O Bd6 9. Qe1 Bxf3 10. Rxf3 Nbd7 11. Qh4 Be7 12. Bg5 h6 (
12... Qb6 13. Na4 Qa5 14. b3 h6 15. Bc1 O-O-O 16. c4 Rhf8 17. Bb2 Qh5 18. Qe1
Bd6 19. Rh3 Qg4 20. Rh4 Qg5 21. Bc1 Bb4 22. Qf2 Qa5 23. a3 Bd6 24. Bd2 Qc7 25.
c5 Nxc5 26. dxc5 Be5 27. Re1 {
Ziemek,G (1737)-Korfmacher,L (1868) Dortmund 2004 0-1 (55)}) 13. Raf1 Rf8 14.
Bxf6 Bxf6 15. Qf2 Qb6 16. Rxf6 Nxf6 17. Na4 Qc7 18. Be2 O-O-O 19. Bf3 Rfe8 20.
c4 Kb8 21. Nc5 e5 {Kerbaol,J (1510)-Guezennec,F (1980) Finistere 2001 0-1 (41)}
) (7. O-O Be7 8. Ne2 O-O 9. Qe1 (9. c3 c5 10. Qe1 Bxf3 11. Rxf3 g6 12. Bh6 Re8
13. Rd1 Nc6 14. dxc5 Bxc5+ 15. Kh1 Ne5 16. Rh3 Qc7 17. Bg5 Nfg4 18. Nd4 f5 19.
Bc2 Bxd4 20. Rxd4 Nf7 21. Bd2 Rad8 22. Bb3 Rxd4 23. cxd4 Qe7 {
Grawe,H (1484)-Ickler,U (1299) Dortmund 2004 1-0}) 9... c5 10. Qh4 Bf5 11. Bxf5
exf5 12. Ng3 Ne4 13. Qh3 Nxg3 14. Qxg3 cxd4 15. Bf4 Nc6 16. Kh1 g6 17. h4 h5
18. Rfe1 Bf6 19. Rad1 Re8 20. Ne5 Nxe5 21. Rxe5 Bxe5 {
De Francisci,L (1798)-Malano,F (2041) Asti 2006 0-1}) 7... c5 (7... c6 $142 8.
h3 Bxf3 9. Qxf3 Qxd4 $17) 8. O-O $4 (8. d5 $142 Be7 9. Bb5+ Nfd7 10. Bxe7 Qxe7
11. O-O $11) 8... cxd4 $19 9. Ne4 (9. Bb5+ Nc6 10. Qxd4 Qxd4+ 11. Nxd4 Bc5 12.
Bxc6+ bxc6 $19) 9... Be7 (9... Nc6 10. Nxf6+ gxf6 11. Bh4 $19) 10. Qe1 (10.
Nxf6+ gxf6 11. Bf4 Bh5 $19) 10... Nc6 (10... Bxf3 $142 11. Rxf3 Nxe4 12. Bxe7
Qxe7 13. Bxe4 O-O $19) 11. Qh4 (11. Nxf6+ Bxf6 12. Bxf6 Qxf6 13. Be4 Bxf3 14.
Rxf3 $19) 11... Bxf3 12. Rxf3 Nxe4 13. Bxe7 Qxe7 (13... Nxe7 $6 14. Bxe4 f5 15.
Bxb7 $19) 14. Qxe4 f5 15. Qe2 O-O-O (15... O-O $142 16. b4 Rae8 17. b5 $19) 16.
Re1 (16. Bb5 Qd6 17. Bxc6 Qxc6 18. c3 $19) 16... Rhe8 17. Bb5 Qc5 18. Bd3 (18.
Bxc6 Qxc6 19. c3 Qb6 $19) 18... g6 19. Kh1 (19. g4 e5 20. gxf5 e4 $19) 19... e5
20. Bb5 (20. c3 e4 21. Rff1 Qe7 22. cxd4 exd3 $19) 20... e4 21. Ra3 (21. Rff1
Re5 22. Bc4 Kb8 $19) 21... d3 $1 22. Rxd3 (22. cxd3 Qxb5 {Interception Decoy})
22... exd3 23. Qxe8 Rxe8 24. Rxe8+ Kd7 25. Bxc6+ bxc6 (25... bxc6 26. Re1 dxc2
27. g3 c1=Q 28. Rxc1 Qxc1+ 29. Kg2 Kd6 30. Kf3 Ke5 31. a3 Kd4 32. Kf2 Qd2+ 33.
Kf3 Kd3 34. g4 f4 35. b3 Qxh2 36. a4 Qg3#) 0-1

[Event "Washington Open"]
[Site "?"]
[Date "1996.05.25"]
[Round "2"]
[White "Bailey, B."]
[Black "Koons, N."]
[Result "1/2-1/2"]
[WhiteElo "1821"]
[BlackElo "1903"]
[Annotator "Stockfish 14 (15s)"]
[PlyCount "89"]

{C99: Closed Ruy Lopez: Chigorin Defence: 11 d4 Qc7 12 Nbd2 cxd4} 1. e4 Nc6 2.
Nf3 e5 3. Bb5 a6 4. Ba4 Nf6 5. O-O b5 6. Bb3 d6 7. Re1 Be7 8. c3 O-O 9. h3 Na5
10. Bc2 c5 11. d4 Qc7 12. Nbd2 cxd4 13. cxd4 Bd7 14. Nf1 Nc6 15. Bg5 (15. Ng3
Rac8 16. Re2 Rfe8 17. Be3 g6 18. Rc1 Qb8 19. d5 Nb4 20. Bb1 a5 21. Qe1 Rxc1 22.
Bxc1 Rc8 {1/2-1/2 (22) Simic,R (2515)-Sahovic,D (2460) Montpellier 1988}) 15...
exd4 16. Rc1 {White intends e5} Qb6 17. e5 $146 (17. Ng3 Rfe8 (17... g6 18. Ne2
d5 19. exd5 Nxd5 20. Bxe7 Ndxe7 21. Nexd4 Rad8 22. Nxc6 Nxc6 23. Qd2 Bg4 24.
Qf4 Bxf3 25. Qxf3 Rd2 26. Bb3 Nd4 27. Qe3 Rd8 28. Bxf7+ Kxf7 29. Qe7+ Kg8 30.
Rc7 Ne2+ 31. Kh1 Qxc7 32. Qxc7 {Ogsuz,M-Karadeniz,E (2332) Izmir 2003 1-0 (39)}
) 18. Bb1 Rac8 19. Ne2 d5 20. exd5 Nxd5 21. Bxe7 Rxe7 22. Qd3 g6 23. Nexd4 Nxd4
24. Qxd4 Qxd4 25. Nxd4 Rxe1+ 26. Rxe1 Kf8 {
1/2-1/2 (26) De Pinto Paiva,J-Miranda,M Belo Horizonte 1966}) 17... dxe5 18.
Nxe5 Nxe5 19. Rxe5 Be6 20. Ng3 Rfe8 (20... Qd6 $5 21. Re1 Rac8 $15) 21. Nf5 $11
Bxf5 22. Bxf5 Bb4 23. Qf3 Rxe5 24. Qxa8+ Re8 25. Rc8 Rxc8 26. Qxc8+ Bf8 27.
Bxf6 Qxf6 28. Bd3 g6 29. Qe8 Qf4 30. Qe2 Bd6 31. g3 Qe5 32. Qxe5 Bxe5 33. a4
bxa4 34. Bxa6 d3 35. Bb5 (35. Bxd3 Bxb2 {Discovered attack}) 35... Bxb2 36.
Bxa4 Bc3 37. Kf1 f6 38. Bb5 d2 39. Ke2 h6 40. Ba4 Kf7 41. f3 Ke6 42. Bc2 g5 43.
h4 Ke5 44. hxg5 hxg5 45. g4 1/2-1/2

[Event "Washington Open"]
[Site "?"]
[Date "1996.05.26"]
[Round "3"]
[White "Williams, D."]
[Black "Bailey, B."]
[Result "1-0"]
[WhiteElo "1915"]
[BlackElo "1821"]
[Annotator "Stockfish 14 (15s)"]
[PlyCount "51"]

{D48: Semi-Slav: Meran System: 7...b5 8 Bd3 a6} 1. d4 d5 2. c4 dxc4 3. Nf3 Nf6
4. e3 e6 5. Bxc4 c5 6. O-O a6 7. Qe2 b5 8. Bd3 Bb7 9. Rd1 Nbd7 10. Nc3 Be7 (
10... b4 11. Nb1 cxd4 12. Nxd4 Bc5 13. Nb3 Bd6 14. N1d2 Qb8 15. h3 a5 16. Bb5
a4 17. Nd4 O-O 18. Nc4 Bh2+ 19. Kh1 Nc5 20. Bd2 Nce4 21. Be1 Bd5 22. Bc6 Rc8
23. Bxd5 exd5 24. Nb6 Qxb6 25. Kxh2 {
Barlov,D (2520)-Passerotti,P (2340) Mendrisio 1989 1-0 (42)}) 11. e4 (11. dxc5
Bxc5 12. e4 Qb6 13. h3 e5 14. Bg5 Rd8 15. Rac1 O-O 16. a3 Rfe8 17. b4 Bd4 18.
Nb1 h6 19. Bh4 Nf8 20. Nbd2 Ne6 21. Nxd4 Nf4 22. Qf3 Rxd4 23. Bb1 Red8 24. Bxf6
Qxf6 25. Nb3 Rxd1+ {
Kristjansson,A (1922)-Player,E (2122) Reykjavik 2006 0-1 (38)}) 11... cxd4 12.
Nxd4 e5 $4 $146 (12... O-O 13. a3 (13. e5 Nd5 14. Bxh7+ Kxh7 15. Qh5+ Kg8 16.
Rd3 N5f6 17. exf6 Nxf6 18. Qh3 Qc8 19. Bh6 Ne8 20. Rc1 e5 21. Nf5 Qe6 22. Rd7
Bc8 23. Nd5 Bf6 24. Rxc8 Rxc8 25. Nde7+ Bxe7 26. Nxe7+ Kh7 27. Qxe6 fxe6 {
Ahues,C-Rellstab,L Lueneburg 1947 1/2-1/2 (50)}) 13... Qc7 14. g3 Rfd8 15. Nb3
e5 16. Be3 Nc5 17. Nxc5 Bxc5 18. Bg5 Be7 19. Rac1 Qb8 20. Be3 h6 21. b4 Bc8 22.
f3 Be6 23. Qb2 Qb7 24. Bc2 Rac8 25. Bb3 Bxb3 26. Qxb3 Rxd1+ 27. Rxd1 {
Nadenau,O-Loiskandl,E Bad Wildbad 1993 1/2-1/2}) (12... Qb8 $142 $11) 13. Nf5
$18 O-O 14. Bg5 (14. a4 $142 bxa4 15. Bg5 $18) 14... Nd5 $2 (14... Bc5 $18) 15.
Nxe7+ (15. Nxd5 $6 Bxg5 16. h4 Bxd5 17. hxg5 Be6 $18) (15. exd5 $6 Bxg5 16. Ne4
g6 $18) 15... Nxe7 16. Rac1 (16. Qg4 Bc8 17. Qh4 f6 $18) 16... f6 $2 (16... h6
17. Be3 Rc8 $18) 17. Be3 Rc8 (17... Nc6 18. Bc2 Kh8 $18) 18. a4 b4 (18... Nc6
19. axb5 axb5 20. Bxb5 $18) 19. Bxa6 bxc3 (19... Bxa6 20. Qxa6 bxc3 21. Qe6+
Kh8 22. Rxd7 cxb2 23. Rf1 $18) 20. Bxb7 cxb2 (20... Rc7 21. Ba6 $18) 21. Rxc8
Nxc8 22. Qxb2 Qc7 (22... Qe7 23. Qb5 Ndb6 24. Ba6 $18) 23. Rc1 Qb8 (23... Qd8
24. Qd2 Nb8 25. Qxd8 Rxd8 26. Bxc8 $18) 24. Qb5 Rd8 25. Bxc8 Rxc8 26. Qxd7 (26.
Qxd7 Rd8 27. Qe6+ Kh8 28. a5 $18) 1-0

[Event "Washington Open"]
[Site "?"]
[Date "1996.05.26"]
[Round "4"]
[White "Bailey, B."]
[Black "Murray, A."]
[Result "1-0"]
[WhiteElo "1821"]
[BlackElo "1626"]
[Annotator "Stockfish 14 (15s)"]
[PlyCount "95"]

{B04: Alekhine's Defence: 4 Nf3} 1. e4 Nf6 2. e5 Nd5 3. d4 d6 4. c4 Nb6 5. Nf3
g6 6. Nc3 Bg7 7. exd6 cxd6 8. Be3 Bd7 $146 (8... Nc6 9. Be2 (9. d5 Ne5 10. Nxe5
dxe5 (10... Bxe5 11. Bd4 Nd7 12. f4 Bxd4 13. Qxd4 O-O 14. Be2 Qb6 15. Qd2 Nf6
16. O-O-O Bf5 17. Bd3 Bxd3 18. Qxd3 Ng4 19. Ne4 Qe3+ 20. Rd2 Rac8 21. Qxe3 Nxe3
22. c5 dxc5 23. d6 exd6 24. Nxd6 Rc7 25. Re1 {
Castro Rojas,O (2200)-De Villiers,C (2200) Graz 1972 0-1 (33)}) 11. Be2 O-O 12.
O-O f5 13. f3 Nd7 14. Qc2 b6 15. Rfd1 Bb7 16. Rac1 Nf6 17. Rd2 Qc8 18. b3 Ne8
19. Na4 f4 20. Bf2 Nd6 21. c5 bxc5 22. Nxc5 Bf6 23. Nxb7 Qxb7 {
Kiecken,J (1750)-Cimolai,J (1920) France 1993 1/2-1/2 (40)}) 9... O-O 10. Qd2
d5 11. b3 dxc4 12. bxc4 Na5 13. c5 Nac4 14. Qc2 Bf5 15. Bd3 Nxe3 16. fxe3 Bxd3
17. Qxd3 Nd5 18. O-O Nxc3 19. Qxc3 Qd5 20. Qb3 Qxb3 21. axb3 Rfd8 22. b4 a6 23.
Ra3 {Olland,A-Davidson,J Amsterdam 1929 1/2-1/2 (41)}) (8... Bg4 9. Rc1 (9. h3
Bxf3 10. Qxf3 Nc6 11. Rd1 O-O 12. Be2 a5 13. O-O a4 14. c5 dxc5 15. dxc5 Nd7
16. Qg4 Nce5 17. Qb4 Qc8 18. Nxa4 Nc6 19. Qb3 e5 20. Bg4 Rxa4 21. Qxa4 f5 22.
Qc4+ Kh8 23. Be2 Nd4 {Palmer,B-Stull,N (2255) Skopje 1972 1-0 (32)}) 9... Nc6
10. d5 Ne5 11. Be2 Bxf3 12. gxf3 O-O 13. b3 Ned7 14. h4 Nf6 15. Ne4 Nbd7 16.
Qd2 b6 17. Bh6 Nc5 18. Ng3 Bxh6 19. Qxh6 Kh8 20. h5 Rg8 21. hxg6 fxg6 22. b4
Ncd7 23. Ne4 {Shmuter,L (2405)-Panchenko,A (2375) Simferopol 1990 0-1 (57)}) (
8... O-O 9. Rc1 $14) 9. Qd2 h6 (9... Bg4 $142 10. Ng5 O-O $16) 10. Be2 Qc8 (
10... d5 11. cxd5 Na6 12. Rc1 $18) 11. b3 Na6 (11... Bf5 12. O-O $18) 12. Rc1
Qd8 (12... Bf5 13. h3 $18) 13. O-O Rc8 (13... Kf8 14. Rfe1 $18) 14. Rfe1 (14.
c5 $142 dxc5 15. Bxa6 bxa6 16. dxc5 Na8 $18) 14... e6 (14... Bf5 15. d5 $18)
15. h3 (15. c5 $5 dxc5 16. Bxa6 bxa6 17. dxc5 O-O 18. cxb6 axb6 $18) 15... Qe7
(15... Nc7 16. Bf4 O-O 17. Bxd6 $18) 16. Nh2 (16. c5 $5 dxc5 17. Bxa6 bxa6 18.
dxc5 Bxc3 19. Qxc3 f6 $18) 16... Nc7 (16... Kf8 17. Bf4 Kg8 18. Bf3 $18) 17.
Bf3 Rb8 18. c5 Nc8 19. b4 (19. Ne4 $142 $5 d5 20. Nd6+ Kf8 $18) 19... Kf8 20.
a4 b5 (20... Qd8 21. b5 $18) 21. a5 d5 (21... Qd8 22. d5 e5 23. Ne4 $18) 22.
Bf4 Qd8 23. Ng4 (23. c6 $142 $5 Be8 24. Bxd5 Ne7 $18) 23... g5 24. Bh2 f6 (
24... Bc6 $18) 25. Qd3 (25. c6 Bxc6 26. Nxd5 Nxd5 27. Rxc6 h5 28. Bxb8 hxg4 29.
Bxd5 Qxd5 30. Rxc8+ Kf7 31. Rc7+ Kg6 32. hxg4 Rh4 $18) 25... Ne7 (25... h5 26.
Nxf6 $1 Bxf6 27. c6 $18) 26. Bd6 Kf7 (26... h5 27. Nxd5 $1 Ncxd5 28. Bxd5 hxg4
29. Bxe6 Bxe6 30. Rxe6 $18) 27. Bxe7 Qxe7 28. Nxd5 $1 Qd8 (28... Nxd5 29. Bxd5
exd5 30. Rxe7+ {Remove defender Deflection Pinning}) (28... exd5 29. Rxe7+ {
Deflection Pinning}) 29. Nxc7 Qxc7 30. d5 {White plans c6} h5 31. Ne3 (31.
dxe6+ Bxe6 32. Rxe6 Rbd8 $18) 31... Qf4 32. c6 g4 33. Qe4 (33. cxd7 $142 e5 34.
Be4 f5 35. Bxf5 e4 36. Bxe4 Rhd8 $18) 33... e5 (33... Qxe4 34. Bxe4 f5 35. Bb1
$18) 34. hxg4 (34. cxd7 Rbd8 35. hxg4 hxg4 36. Qxf4 exf4 37. Nxg4 Rxd7 $18)
34... hxg4 35. Qxf4 exf4 36. Nxg4 Bf5 37. d6 Rh4 (37... Rbd8 38. Rc5 Kg6 39. d7
Bxd7 40. cxd7 Rxd7 41. Bc6 $18) 38. Bd5+ Kg6 39. f3 Rbh8 40. d7 Bxg4 41. fxg4
Rxg4 42. Re8 Rgh4 43. Rxh8 Rxh8 (43... Bxh8 44. c7 f3 45. d8=Q f2+ 46. Kxf2
Rxb4 47. Qg8+ Bg7 48. Qf7+ Kg5 49. Qxg7+ Kf5 50. c8=Q+ Ke5 51. Qe6+ Kd4 52.
Qe4#) 44. c7 f5 (44... f3 45. d8=Q f2+ 46. Kxf2 Rxd8 47. cxd8=Q a6 48. Be4+ f5
49. Rc6+ Bf6 50. Qxf6+ Kh7 51. Bxf5+ Kg8 52. Rc8#) 45. d8=Q (45. Rc6+ Bf6 46.
d8=Q Rxd8 47. cxd8=Q Kg5 48. Qxf6+ Kg4 49. Bf3+ Kg3 50. Qg5#) 45... Bd4+ 46.
Kf1 Rh1+ 47. Ke2 Rxc1 (47... f3+ 48. Kxf3 Rxc1 49. c8=Q Rxc8 50. Qxc8 Bb2 51.
Qe6+ Kh7 52. Qf7+ Kh6 53. Be6 f4 54. Bf5 Kg5 55. Qg6+ Kh4 56. Qg4#) 48. c8=Q (
48. c8=Q Rxc8 49. Qxc8 f3+ 50. Kxf3 Bb2 51. Qe6+ Kh7 52. Qf7+ Kh6 53. Be6 f4
54. Bf5 Kg5 55. Qg6+ Kh4 56. Qg4#) 1-0

[Event "Washington Open"]
[Site "?"]
[Date "1996.05.27"]
[Round "5"]
[White "Danford, G."]
[Black "Bailey, B."]
[Result "1/2-1/2"]
[WhiteElo "1854"]
[BlackElo "1821"]
[Annotator "Stockfish 14 (15s)"]
[PlyCount "55"]

{A07: Réti Opening: New York and Capablanca Systems} 1. Nf3 Nf6 2. g3 g6 3. Bg2
Bg7 4. O-O O-O 5. d3 Nc6 6. Nbd2 d5 7. e4 dxe4 8. dxe4 e5 9. c3 b6 10. Qa4 (10.
Re1 a5 11. Qc2 Ba6 12. Bf1 Bxf1 13. Nxf1 Qc8 14. Bd2 a4 15. Ne3 Rd8 16. Rad1
Qe6 17. c4 Nd4 18. Nxd4 exd4 19. Nd5 c6 20. Nf4 Qd7 21. Nd3 Re8 22. f3 h5 23.
c5 b5 24. Bf4 Bf8 {Mirzoev,A (2494)-Beliavsky,A (2649) Linares 2002 0-1 (64)})
10... Bb7 11. Re1 Qe7 12. Nf1 $146 (12. b4 Rfe8 13. Ba3 Qe6 14. Bf1 a6 15. h3
b5 16. Qc2 h6 17. Nb3 Bf8 18. Bc1 Rad8 19. Kh2 Kh7 20. Bg2 Qd7 21. Bf1 Qc8 22.
Nh4 Nb8 23. f3 c5 24. bxc5 Bxc5 25. Nxc5 Qxc5 26. Be3 Qf8 {
Buechler,F-Hoegerl,F Landau 1996 1-0 (48)}) (12. b4 Rfd8 $11) 12... Na5 13. Bg5
h6 14. Bxf6 Bxf6 15. Ne3 Bc6 16. Qc2 Rad8 (16... Bg7 17. h4 $14) 17. Rad1 (17.
c4 Ba8 $14) 17... Rxd1 $14 18. Rxd1 Rd8 (18... h5 $5 $11) 19. Rxd8+ $16 Qxd8
20. Ng4 (20. b4 Nb7 21. Ng4 Bg7 22. Ngxe5 Be8 $16) 20... Bg7 (20... h5 21.
Ngxe5 Bb7 22. b4 $14) 21. Ngxe5 (21. Nfxe5 $5 Bb7 22. Qd3 $16) 21... Bb7 $14
22. Ng4 (22. b4 Nc6 23. Ng4 h5 $14) 22... Qe7 23. Nd2 Qe6 24. Ne3 Qxa2 25. Nd5
(25. h4 $5 h5 26. f4 $11) 25... Bxd5 $11 26. exd5 Nc4 27. Nxc4 Qxc4 28. Qe4
1/2-1/2

[Event "Washington Open"]
[Site "?"]
[Date "1996.05.27"]
[Round "6"]
[White "Bailey, B."]
[Black "Hubbard, Q."]
[Result "1/2-1/2"]
[WhiteElo "1821"]
[BlackElo "1836"]
[Annotator "Stockfish 14 (15s)"]
[PlyCount "42"]

{B19: Classical Caro-Kann: 4...Bf5 main line} 1. e4 c6 2. d4 d5 3. Nc3 dxe4 4.
Nxe4 Bf5 5. Ng3 Bg6 6. Nf3 Nd7 7. h4 h6 8. h5 Bh7 9. Bd3 Bxd3 10. Qxd3 Qc7 11.
c4 Ngf6 12. Bd2 e6 13. Bc3 O-O-O 14. O-O-O c5 15. Kb1 cxd4 16. Bxd4 (16. Nxd4
a6 17. Nf3 Be7 18. Qe2 Bd6 19. Ne4 Nxe4 20. Qxe4 Nf6 21. Qe2 Qc5 22. Ne5 Bxe5 {
1/2-1/2 (23) Hort,V (2600)-Karpov,A (2705) Waddinxveen 1979}) 16... Bc5 17. Qe2
Rhe8 $146 (17... Bxd4 18. Nxd4 (18. Rxd4 Nc5 19. Rhd1 Rxd4 20. Rxd4 Rd8 21. Qe3
Ncd7 22. Qa3 a6 23. Qe3 Qa5 24. Rh4 Qa4 25. Rd4 Qa5 26. Rh4 Qa4 27. b3 Qa5 28.
Kb2 Nc5 29. Rd4 Ncd7 30. Rh4 Nc5 31. Rd4 Ncd7 32. a3 Qc7 {
Mongontuul,B (2375)-Gromova,I (2161) St Petersburg 2002 1/2-1/2 (49)}) 18... a6
19. Nf3 Nb8 20. Ne4 Nxe4 21. Qxe4 Nc6 22. Rhe1 Rxd1+ 23. Rxd1 Rd8 24. Rxd8+
Qxd8 25. Qe2 Qd6 26. Qd2 Qc5 27. b3 Qxh5 28. Qe3 Qg6+ 29. Kb2 Qxg2 30. Nd4 Qg5
31. Qd3 Qe5 {0-1 (31) Krah,M (2100)-Knoblauch,P Germany 1996}) (17... a6 18.
Bc3 Rhe8 19. Ne5 Nxe5 20. Bxe5 Qb6 21. f4 Rxd1+ 22. Rxd1 Rd8 23. Rd3 Bd4 24.
Bxd4 Rxd4 25. Qf2 Rxd3 26. Qxb6 Rxg3 27. Qc5+ Kb8 28. Qf8+ Ka7 29. Qxf7 Rxg2
30. Qxe6 Rg1+ 31. Kc2 Rg2+ 32. Kb3 {
Seletsky,G (2283)-Bidkov,A Alushta 2006 1-0 (36)}) (17... Kb8 18. b3 Qb6 19.
Bxc5 Qxc5 20. Nd2 a6 21. Nde4 Nxe4 22. Nxe4 Qf5 23. g4 Qf4 24. c5 f5 25. gxf5
exf5 26. c6 Qxe4+ 27. Qxe4 fxe4 28. cxd7 Kc7 29. Rhg1 Rhg8 30. Rg4 Rxd7 31.
Rxd7+ Kxd7 32. Rxe4 {Ong,K (2034)-Andersson,F (2207) Skara 2002 1/2-1/2 (43)})
(17... Bxd4 18. Nxd4 a6 19. Nf3 $11) 18. Bxc5 (18. Bc3 Bd6 $14) 18... Qxc5 19.
Nd4 (19. a3 Nb8 $11) 19... Nb8 20. Nb3 Qc7 21. Ne4 Rxd1+ 1/2-1/2